Arquitectura i urbanisme de la part alta de Tarraco en epoca republicana i imperial: genesi, disseny i construcció
שמור ב:
| Main Authors: | , |
|---|---|
| פורמט: | ספר |
| שפה: | קטלאנית |
| יצא לאור: |
Tarragona
Reial Societat Arqueologica Tarraconense
2009
|
| מהדורה: | 1a. ed |
| סדרה: | Tarraco Archaeologica, 1
|
| נושאים: | |
| תגים: |
הוספת תג
אין תגיות, היה/י הראשונ/ה לתייג את הרשומה!
|
MARC
| LEADER | 00000cam a2200000 a 4500 | ||
|---|---|---|---|
| 001 | UCC7214 | ||
| 003 | CL-VaPUC | ||
| 008 | 190315e20090000sp |||||||||||||||||cat|d | ||
| 020 | |a 9788461365371 | ||
| 082 | 0 | 4 | |a 722.7 |b MAR |2 21 |
| 100 | |a Martin Vielba, Òscar |e autor |9 601761 | ||
| 700 | 0 | |a Rovira Soriano, Jordi |e author |9 601762 | |
| 245 | 1 | 0 | |a Arquitectura i urbanisme de la part alta de Tarraco en epoca republicana i imperial: genesi, disseny i construcció |
| 250 | |a 1a. ed | ||
| 300 | |a 86 p | ||
| 942 | |c BK | ||
| 945 | |d 20190315 15:58:00 |a dcastane | ||
| 260 | |a Tarragona |b Reial Societat Arqueologica Tarraconense |c 2009 | ||
| 650 | 0 | |a Arquitectura romana |9 314422 | |
| 650 | 0 | |a Arquitectura antigua |9 262616 | |
| 650 | 7 | |a TEMPLOS |2 CL-VaPUC |9 266644 | |
| 650 | 7 | |a MONUMENTOS ARQUITECTONICOS |2 CL-VaPUC |9 369656 | |
| 583 | |a last modification |c 20190315 15:58:00 |k Rodrigo Vera | ||
| 490 | 0 | |a Tarraco Archaeologica, 1 | |
| 999 | |c 373921 |d 373919 | ||
| 952 | |0 0 |1 0 |3 erb |4 0 |6 722_700000000000000_MAR_2009 |7 0 |8 A |9 492210 |a BIBARQ |b BIBARQ |i 5535395 |o 722.7 MAR 2009 |p 5535395 |r 2025-01-20 |w 2019-11-24 |y BK |z Catalogado en:20190315 |k ARQ | ||